000 00970nam a22003017a 4500
003 CHAP
005 20220329140640.0
008 971013s r 00010 d
010 _a55328
011 _a56300
035 _a60453
040 _cCHAP
090 _aR-879
100 0 0 _aSaunier, Raymond.
_9102759
245 _aIndications sur les besoins en froid hivernal de quelques varietés de pêchers
500 _aSobretiro de: Pomologie Francaise 7(5) : 131-134, 1965.
590 _aBATCH-UPD
_b10
_c20130109
_lUCH01
_h2345
590 _aBATCH-UPD
_b10
_c20130110
_lUCH01
_h1347
590 _aBATCH-UPD
_b10
_c20130409
_lUCH01
_h1916
590 _aBATCH-UPD
_b10
_c20130914
_lUCH01
_h1224
590 _aCONVERSION
_b10
_c20130109
_lUCH01
_h1330
650 1 4 _aDurazno.
_934570
650 1 4 _aFrío
_xEfecto en plantas.
_943542
650 1 4 _aTemperatura
_xEfecto en durazno.
_9112190
901 _aBK
942 _cREIMP
949 _aR-879
_bBC
_cR
_d-130313
_eTS1
_i60453
_si
999 _c55328
_d55328